UBT Library

Society and population / (Record no. 42177)

000 -LEADER
fixed length control field 00717pam a2200229 a 4500
001 - CONTROL NUMBER
control field 4851972
005 - DATE AND TIME OF LATEST TRANSACTION
control field 20180208091926.0
008 - FIXED-LENGTH DATA ELEMENTS--GENERAL INFORMATION
fixed length control field 910625s1992 njua b 001 0 eng
010 ## - LIBRARY OF CONGRESS CONTROL NUMBER
LC control number 91025782
020 ## - INTERNATIONAL STANDARD BOOK NUMBER
International Standard Book Number 0138197075 (paper)
040 ## - CATALOGING SOURCE
Original cataloging agency DLC
Transcribing agency DLC
Modifying agency DLC
041 ## - LANGUAGE CODE
Language code of text/sound track or separate title eng
080 ## - UNIVERSAL DECIMAL CLASSIFICATION NUMBER
Universal Decimal Classification number 304.6 DAV
082 00 - DEWEY DECIMAL CLASSIFICATION NUMBER
Classification number 304.6 DAV
Edition number 20
100 1# - Rafti
Rafti 42
101 ## - Shkurtesa
Shkurtesa SOC
245 10 - TITLE STATEMENT
Title Society and population /
Statement of responsibility, etc David M. Heer, Jill S. Grigsby.
504 ## - BIBLIOGRAPHY, ETC. NOTE
Bibliography, etc Includes bibliographical references (p. 110-114) and index.
906 ## - LOCAL DATA ELEMENT F, LDF (RLIN)
a 7
b cbc
c orignew
d 1
e ocip
f 19
g y-gencatlg
942 ## - ADDED ENTRY ELEMENTS (KOHA)
Source of classification or shelving scheme
Item type Books
Holdings
Withdrawn status Lost status Source of classification or shelving scheme Damaged status Not for loan Collection code Permanent location Current location Shelving location Date acquired Total Checkouts Full call number Barcode Date last seen Price effective from Koha item type
          Koleksioni i përgjithshem UBT - Lipjan UBT - Lipjan Koleksioni i përgjithshem 02/08/2018   304.6 DAV 002-2998840 02/08/2018 02/08/2018 Books
UBT Library © 2015-2024. All rights reserved University Education for Business and Technology